[Event "Herzliya"]
[Site "Herzliya"]
[Date "1998.09.15"]
[Round "10"]
[White "Lev, Ronen"]
[Black "Liss, Eran"]
[Result "0-1"]
[WhiteElo "2460"]
[BlackElo "2505"]
[Annotator "Ftacnik,L"]
[PlyCount "60"]
[EventDate "1998.09.??"]
[EventType "tourn"]
[EventRounds "11"]
[EventCountry "ISR"]
[EventCategory "10"]
[SourceTitle "EXT 1999"]
[Source "ChessBase"]
[SourceDate "1998.11.16"]
[SourceVersion "1"]
[SourceVersionDate "1998.11.16"]
[SourceQuality "1"]

1. d4 {Meulders} Nf6 2. c4 g6 3. Nc3 d5 4. Nf3 Bg7 5. Bg5 Ne4 6. cxd5 Nxg5 7.
Nxg5 e6 8. Qa4+ {Meulders: 'Dies ist keine Variante für Herzpatienten: im
Tausch für materiellen Gewinn lässt Weiss einen gefährlichen Angriff über sich
hin kommen.'} Bd7 9. Qb3 Qxg5 10. Qxb7 O-O 11. Qxa8 {'?!' Meulders.} (11. e3 $1
{Meulders} c5 12. Qxa8 cxd4 13. exd4 Bxd4 14. Rd1 Bb6 15. Qb7 Re8 16. dxe6 Qc5
17. Qf3 Bxe6 18. Be2 Nc6 19. O-O $18 {1-0 Stojanovic,M-Ruck,R/Hania 1994/EXT
97 (44)}) 11... Bxd4 12. e3 (12. Qb7 {Meulders} Qf6 13. Nd1 Bb6 14. e3 Ba5+ 15.
Ke2 $4 (15. b4 $8) 15... Bc8 $1 {0-1 Steingrimsson,H-Beshukov,S/Gausdal 1994/
EXT 97 (15)}) 12... Qe5 (12... Bg7 $6) 13. Rc1 exd5 14. Qb7 Nc6 (14... Re8 15.
Be2 Bxe3 16. fxe3 Qxe3 17. Rc2 Bc6 18. Qxc7 d4 19. Qg3 Qxg3+ 20. hxg3 dxc3 21.
Rxc3 Bxg2 22. Rh4 {1-0 Sjodahl,P-Hjelmaas,L/Arnhem 1989/TD (39)}) 15. Qb3 {
'?!' Meulders.} (15. Be2 Bb6 16. Qa6 $8 (16. O-O $2 Nb4 $1 {/\ 17...Bc6, 17...
Bc8-+}) 16... d4 $1 17. exd4 Nxd4 18. O-O Bc6 $1 $17 {->} 19. Rfd1 $8 (19. Rfe1
Qg5 20. g3 Re8 $1 (20... Qf5 21. Nd1 $1 $8 Nf3+ 22. Bxf3 Qxf3 23. Rxc6 Qxc6 24.
Qd3 $10) 21. Rcd1 (21. Qd3 Rxe2 $1 22. Nxe2 Nf3+ 23. Kf1 Nxh2+ 24. Kg1 Nf3+ 25.
Kf1 Nd2+ 26. Kg1 Be4 $1 {/\ Qh5-+}) 21... Qf5 $1 22. Qd3 Rxe2 $1 $19) 19... Re8
$1 (19... Qg5 20. Bf1 (20. g3 $2 Re8 $1 {/\ Re2, Bb5-+}) 20... Nf3+ 21. Kh1 Qh5
22. h3 Ng5 23. Nd5 $1 $16) 20. Bf1 Qf4 $1 {/\ 21...Nf3 22.gf3 Qf3-+} 21. Qd3
Qxf2+ $3 22. Kxf2 Nf5+ {0-1 Lybin,D-Voina,A/USSR 1990/ (30)}) (15. Bb5 $6 Rb8
$1 16. Bxc6 (16. Qa6 Nb4 $1 17. Qa4 Bxe3 $1 18. fxe3 Qxe3+ 19. Kd1 Rxb5 $1 $19)
16... Rxb7 17. Bxb7 Bxc3+ 18. bxc3 (18. Rxc3 d4 $1) 18... Bb5 $1 $17) (15. Ne2
$1 {Meulders} Rb8 16. exd4 Qxe2+ 17. Bxe2 Rxb7 18. b3 Nxd4 19. Kd2 $16) 15...
Rb8 16. Qc2 Bb6 {'!' Meulders. Meulders: '/\...d4'} 17. Be2 {'?' Meulders.} (
17. Qe2 {Meulders}) 17... d4 18. exd4 $2 {White has willingly chosen a very
interesting line, but white's main concern must have been activity of black's
pieces.} (18. Nd1 $1 dxe3 19. fxe3 Bxe3 20. Nxe3 Qxe3 21. Qc3 Qxc3+ 22. bxc3
Rb2 $132) 18... Nxd4 {'->' Meulders.} 19. Qd2 Ba5 20. Kf1 $2 (20. f4 $5 Qxe2+ (
20... Qf6 21. O-O $14) (20... Qd6 {Meulders} 21. Rd1 c5 22. O-O Ba4 23. Bc4
Bxd1 24. Rxd1 $11) 21. Nxe2 (21. Qxe2 Nxe2 22. Kxe2 Rxb2+ 23. Ke3 Bb6+ $17)
21... Bxd2+ 22. Kxd2 Rxb2+ 23. Kc3 Rxe2 24. Kxd4 Rxg2 25. Rxc7 Rxa2 $11) 20...
Re8 21. Bd3 Nf3 $3 {[%mdl 128] '!' Meulders. A brilliant attacking idea, the
mating threats and time are more valuable than the blocked rook on h1.} (21...
Bc6 $5 22. h3 (22. Rd1 Nf3 23. gxf3 Bxf3 24. Rg1 Qxh2 25. Bf5 Bxc3 26. bxc3
Be2+ 27. Qxe2 Rxe2 28. Kxe2 Qe5+ $17) (22. Qh6 Bxc3 23. bxc3 Ne2 24. Rd1 Nf4
$19) 22... Qf6 23. Rd1 $13) 22. gxf3 (22. Qe3 Nxh2+ 23. Kg1 Qxe3 24. fxe3 Ng4
25. Nd5 c6 $17) 22... Bh3+ 23. Kg1 Bxc3 {'!' Meulders.} 24. Qe3 (24. bxc3 Qd5
25. Qf4 Qxd3 $19) (24. Rxc3 $2 Qe1+ $19) 24... Bd2 $1 {'!!' Meulders. Liss
plays with a great feeling for the fate of the poor king on g1.} 25. Qxd2 (25.
Qxe5 Rxe5 26. f4 Bxf4 $19) 25... Qd5 26. Qf4 (26. b3 Qxf3 27. Qg5 Qxd3 28. Qg3
Qd2 29. Qxh3 Qxc1+ 30. Kg2 Qc6+ $19) 26... Qxd3 {'-+' Meulders.} 27. Qg3 Qd7 $1
28. f4 (28. b3 Re2 29. Qg5 Rd2 30. Re1 Rd1 31. Qe5 Qd5 32. Qe8+ Kg7 $19) 28...
Re2 29. a4 (29. Qf3 Qe6 30. Rf1 Bxf1 31. Kxf1 Rxb2 $19) 29... Qe6 30. Qc3 (30.
f3 Qe3+) 30... Rc2 $1 (30... Rc2 $1 31. Rxc2 (31. Qxc2 Qg4#) 31... Qg4+ 32. Qg3
Qd1#) 0-1

[Event "Cancan Veterans-Women"]
[Site "Roquebrune"]
[Date "1998.09.16"]
[Round "9"]
[White "Hort, Vlastimil"]
[Black "Arakhamia Grant, Ketevan"]
[Result "1-0"]
[WhiteElo "2525"]
[BlackElo "2420"]
[Annotator "Ftacnik,L"]
[PlyCount "73"]
[EventDate "1998.09.07"]
[EventType "schev"]
[EventRounds "12"]
[EventCountry "FRA"]
[SourceTitle "CBM 067"]
[Source "ChessBase"]
[SourceDate "1998.11.30"]
[SourceVersion "2"]
[SourceVersionDate "1998.11.01"]
[SourceQuality "1"]

1. d4 Nf6 2. c4 g6 3. Nc3 d5 4. Bg5 Ne4 5. Bf4 Nxc3 6. bxc3 Bg7 7. e3 O-O 8.
Nf3 c5 9. cxd5 Qxd5 10. Be2 Nc6 11. O-O Rd8 (11... cxd4 12. exd4 (12. cxd4 Bf5
13. Qa4 Rac8 14. Rfc1 a6 15. h3 Rfe8 16. Ng5 Qd7 17. Bc4 e6 18. g4 Bxg4 19.
hxg4 b5 20. Bxe6 fxe6 21. Qd1 Na5 {1/2-1/2 Guseinov,A-Sideif Sade,F/Teheran op/
1991/ (32)}) 12... Bf5 13. Re1 Rac8 14. Nd2 e5 15. Bf3 Qa5 16. dxe5 Nxe5 17.
Bxb7 Rcd8 18. Be4 Nd3 19. Bxd3 Rxd3 20. Qe2 Bxc3 {Calvo Minguez,R-Gereben,E/
Torremolinos zt/1962/0-1 (48)}) (11... b6 12. Qa4 Bb7 13. Rfd1 cxd4 14. cxd4
Na5 15. Rab1 Rfc8 16. Qa3 Rc2 17. Bf1 Bf8 18. Qd3 Rac8 19. a4 R2c3 20. Qb5 Qxb5
21. axb5 Be4 {Chytilek,R-Kovchan,A/Mladi op/1996/0-1 (53)}) (11... Bf5 12. c4
Qe4 13. Rc1 Nxd4 14. Nxd4 cxd4 15. Bf3 Qe6 16. Bxb7 dxe3 17. Bxe3 Rad8 18. Qa4
Bd3 19. Rfe1 Qf5 20. c5 Bb2 21. c6 Bxc1 22. Rxc1 Bc2 23. Qc4 Be4 {0-1 Amorim,
A-Mikuev,E/Elista olm/1998/ (32)}) 12. Re1 (12. Qa4 Bd7 13. Qa3 cxd4 14. cxd4
Rdc8 15. Rfc1 Qa5 16. Qb3 Nb4 17. Bc4 e6 18. Bd6 Bf8 19. Bxf8 Kxf8 20. a3 Nd5
21. Qxb7 {Guliev,S-Shmuter,L/Moscow6/1991/1-0 (60)}) 12... h6 13. Bg3 Bg4 $6 {
Black struggles for the right plan, but light squares bishop can be put to a
better use.} (13... b6 $5 14. e4 (14. Qb3 Be6) 14... Qxe4 15. Bb5 Qd5 16. Bxc6
Qxc6 17. Rxe7 Bg4 $15) 14. h3 Bh5 15. Qb3 Qxb3 (15... Rac8 16. Bc4 Qf5 17. e4
Qf6 18. e5 Qf5 19. Nh4 $16) 16. axb3 cxd4 17. exd4 (17. cxd4 Rac8 $11) 17... e6
18. Bc7 Rd7 19. Bf4 (19. Bh2 g5 20. Ne5 Bxe5 21. Bxh5 Bxh2+ 22. Kxh2 $14) 19...
g5 20. Be3 Bg6 21. b4 {[%mdl 16] Pawn d4 is heavily attacked, so the c3
supporter has to stay put. The black Pa7 on semiopen file becomes a good
target.} b6 22. h4 (22. b5 Ne7 $13) 22... g4 (22... f6 23. Bc4 Bf5 24. hxg5
hxg5 25. d5 $1 exd5 26. Bb5 $16) 23. Nd2 h5 24. Bb5 Rc8 (24... Rc7 25. Bf4 e5
26. dxe5 Re8 27. e6 $16) 25. Nc4 Rd5 (25... Be4 $6 26. Bf4 Bd5 27. Nd2 $16) 26.
Ba6 Rc7 27. Bf4 Re7 28. b5 {This brave move closes the bishop on a6, but Hort
wins more control in the center.} Nd8 (28... Na5 29. Nxa5 bxa5 30. Rxa5 $16) (
28... Nxd4 29. cxd4 Rxd4 30. Bg5 f6 31. Ne5 Be8 32. Nc6 Bxc6 33. Be3 Rc4 34.
bxc6 Rxc6 35. Rec1 $16) 29. Ne5 Bxe5 (29... Bf5 30. Nc6 Nxc6 31. bxc6 e5 32.
Bb7 $14) 30. Bxe5 Bd3 31. Re3 Bc4 (31... Bxb5 $2 32. c4 $16) 32. Bf6 Rc7 $2 {
[%mdl 8192] Arakhamia would gladly support exposed pieces with rooks, but she
picks up the wrong object. It was more important to give a hand to Nd8.} (32...
Red7 $1 33. Re5 (33. Ra4 Bxb5 34. Bxb5 Rxb5 35. Bxd8 Rxd8 36. Rxa7 $11) 33...
Nb7 (33... Rxe5 34. Bxe5 Nb7 35. Kh2 $14) 34. Rxd5 Bxd5 35. Bxb7 (35. Kh2 Nd6
$13) 35... Rxb7 36. Ra4 Rc7 37. Be5 Rxc3 38. Rxa7 Rb3 39. Rc7 Rxb5 40. Rc8+ Kh7
41. Rh8+ Kg6 42. Rg8+ Kf5 43. Rg5+ Ke4 44. Rxh5 $13) 33. Ra4 $1 Bb3 (33... Bxb5
34. Bxb5 Rxb5 35. Bxd8 $18) 34. Rb4 Ba2 35. Re2 Bc4 36. Re5 Rdd7 (36... Rxe5
37. Bxe5 Rd7 38. Rxc4 $18) (36... Kf8 37. Rxd5 Bxd5 38. c4 Rxc4 39. Rxc4 Bxc4
40. Bxd8 $18) 37. Rxh5 1-0

[Event "Nettetal"]
[Site "Nettetal"]
[Date "1992.02.08"]
[Round "3"]
[White "Van der Sterren, Paul"]
[Black "Luecke, Norbert"]
[Result "1/2-1/2"]
[WhiteElo "2535"]
[BlackElo "2395"]
[Annotator "Ftacnik,L"]
[PlyCount "55"]
[EventDate "1992.02.06"]
[EventType "tourn"]
[EventRounds "11"]
[EventCountry "GER"]
[EventCategory "9"]
[SourceTitle "CBM 028"]
[Source "ChessBase"]
[SourceDate "1992.06.01"]
[SourceVersion "1"]
[SourceVersionDate "1992.06.01"]
[SourceQuality "1"]

1. d4 Nf6 2. c4 g6 3. Nc3 d5 4. Nf3 Bg7 5. Bg5 dxc4 6. e4 c5 7. Bxc4 cxd4 8.
Qxd4 Qxd4 9. Nxd4 Nxe4 10. Nxe4 Bxd4 11. O-O-O Nc6 12. Rhe1 Be6 13. Bxe6 fxe6
14. Be3 e5 {N} (14... Rd8 15. Bxd4 (15. Ng5 $5) 15... Rxd4 16. Rxd4 Nxd4 17.
Nc5 O-O 18. Re4 Rc8 19. Rxd4 Rxc5+ $15 {Zaichik-Gavrikov/Dauvgavpils/1978/})
15. Bxd4 Nxd4 (15... exd4 16. Nc5 b6 17. Ne6 Rc8 18. Kb1 $14) 16. f3 O-O-O 17.
Ng5 Nc6 $1 18. Nf7 Rxd1+ 19. Kxd1 Rf8 20. Nxe5 Nxe5 21. Rxe5 Kd7 22. Kd2 Rf5
23. Rxf5 gxf5 24. f4 Kd6 25. Ke3 Kd5 26. Kd3 Kc5 27. Kc3 Kd5 28. Kd3 {Ftacnik,L
} 1/2-1/2

[Event "NED-ch52"]
[Site "Rotterdam"]
[Date "1997.06.22"]
[Round "2"]
[White "Piket, Jeroen"]
[Black "Sokolov, Ivan"]
[Result "1-0"]
[WhiteElo "2640"]
[BlackElo "2615"]
[Annotator "Ftacnik,L"]
[PlyCount "79"]
[EventDate "1997.06.21"]
[EventType "tourn"]
[EventRounds "11"]
[EventCountry "NED"]
[EventCategory "12"]
[SourceTitle "CBM 060"]
[Source "ChessBase"]
[SourceDate "1997.09.29"]
[SourceVersion "1"]
[SourceVersionDate "1997.09.29"]
[SourceQuality "1"]

1. d4 Nf6 2. c4 g6 3. Nc3 d5 4. Nf3 Bg7 5. Bg5 Ne4 6. cxd5 Nxg5 7. Nxg5 c6 8.
dxc6 Nxc6 9. d5 Ne5 (9... Qa5 10. Qd2 (10. Qc1 Nb4 11. e4 Bh6 12. Bb5+ Bd7 13.
Bxd7+ Kxd7 14. O-O f6 15. Qe3 Bxg5 16. f4 Nc2 17. Qh3+ Kd8 18. Rad1 Qc5+ 19.
Kh1 Bxf4 20. Rxf4 Ne3 21. Rc1 {1/2-1/2 Sieglen,J-Okhotnik,V/Balatonbereny op
1985 (35)}) 10... Ne5 (10... Nb4 11. e4 O-O 12. Be2 h6 13. Nf3 f5 14. O-O fxe4
15. Nxe4 Rd8 16. a3 Nc6 17. Qc1 Nb8 18. Bc4 Kh7 19. Qf4 Bf5 20. Nfg5+ hxg5 21.
Nxg5+ Kg8 22. d6+ e6 23. Nxe6 Bxe6 24. Bxe6+ Kh7 25. Qh4+ Bh6 26. Qe7+ Bg7 27.
Qxb7 {1-0 Danailov,S-Hevia,J/Candas op 1992 (31)}) (10... O-O 11. dxc6 Rd8 12.
Qc1 bxc6 13. f4 Rb8 14. Kf2 Qb6+ 15. Kf3 h6 16. Nge4 Be6 17. Nf2 g5 18. e3 gxf4
19. exf4 Qa5 20. Be2 Rxb2 21. Qxb2 Bxc3 22. Qc1 Bxa1 23. Qxa1 Qa3+ 24. Nd3
Rxd3+ {0-1 Narva,Y-Kengis,E/USSR 1983 (29)}) 11. e3 (11. e4 O-O (11... h6 12.
Nf3 Nxf3+ 13. gxf3 O-O $44) 12. Be2 h6 13. Nf3 Nxf3+ 14. Bxf3 Bd7 15. O-O Rac8
16. Rac1 Kh7 17. Bd1 Rc7 18. Bb3 b5 19. d6 exd6 20. Qxd6 Bc8 21. Nd5 Rb7 22.
Nf6+ Kh8 23. e5 {1-0 Kozlov,O-Ivanov/URS-OT Roslavl 1989 (37)}) 11... O-O 12.
Be2 Bf5 $1 (12... Bd7 13. f4 Ng4 14. h3 Nf6 15. O-O Rac8 16. Rfd1 Rfd8 17. Bf3
Bc6 18. h4 b5 19. a3 Ba8 20. e4 Nd7 21. e5 Nc5 22. Qf2 Na4 23. b4 Qa6 24. Nxa4
Qxa4 25. h5 {1-0 Mascarinas,R-Mueller,R/Bern op 1991 (31)}) (12... h6 13. Nf3
$14) 13. f4 (13. O-O Rac8 $44 {/\ Nc4^^}) 13... h6 (13... Ng4 14. h3 Bxc3 15.
bxc3 Nf6 16. c4 Qxd2+ 17. Kxd2 h6 18. Nf3 Ne4+ 19. Ke1 $14) 14. Nge4 Nd7 (14...
Ng4 15. h3 Nf6 16. Nf2 $14 {/\ e4}) 15. Nf2 Nc5 (15... Nb6 16. e4 $14) 16. O-O
Rfd8 $44 17. Bf3 Na4 18. Rac1 Rac8 19. e4 Nxb2 $1 20. Qxb2 Rxc3 21. Rxc3 Bxc3
22. Qxb7 Bd7 23. Ng4 $1 Bxg4 $2 (23... Qxa2 $5 24. Nxh6+ Kg7 25. Ng4 Qc4 26.
Qb1 a5 $44) 24. Bxg4 $16 {1-0 Kiselev,S-Vorobiov,E/Moscow 1996 (42)}) 10. e3 (
10. Qa4+ Bd7 11. Qb3 O-O 12. e3 Qa5 (12... e6 13. dxe6 Qxg5 14. exd7 Nxd7 15.
Rd1 Nb6 16. g3 Qa5 17. Bg2 Rac8 18. O-O Bxc3 19. bxc3 Rxc3 20. Qb2 {1-0 Garcia
Palermo,C-Barreras,A/Havana-B 1985 (27)}) 13. Be2 b5 14. a3 Nc4 15. Rd1 Nxb2
16. Rc1 Na4 17. Nge4 Rac8 18. Kd2 f5 19. d6+ e6 20. Bxb5 fxe4 21. Bxd7 Rxc3 22.
Qxa4 Rxf2+ 23. Ke1 Rxe3+ 24. Kxf2 Qd2+ {0-1 Pollmann,S-Mittendorf,F/Kassel op
1994}) (10. e4 O-O 11. Be2 (11. Nf3 e6 12. Be2 Nxf3+ 13. Bxf3 exd5 14. Nxd5
Bxb2 15. Rb1 Bg7 16. O-O b6 17. Qa4 Bb7 18. Rfd1 Qg5 19. Rbc1 Be5 20. g3 Bxd5
21. exd5 Qf6 {1/2-1/2 Orsag,M-Wendt,J/Pardubice Komercni Banka op 1996 (39)})
11... Qb6 12. Qb3 Qf6 13. Nf3 Qf4 14. Qd1 b5 15. Qd2 Nxf3+ 16. Bxf3 Qxd2+ 17.
Kxd2 Bh6+ 18. Kc2 Bd7 19. a3 a5 20. Kb3 Rfc8 {0-1 Haik,A-Ornstein,A/Stockholm
1974 (29)}) 10... O-O 11. Be2 e6 12. Nge4 (12. Nf3 exd5 13. Qxd5 Be6 14. Qxd8
Nxf3+ 15. Bxf3 Rfxd8 16. O-O Rd2 17. Rab1 Rc8 18. a4 Bxc3 19. bxc3 b6 20. Rfc1
Ra2 21. Bd1 Ra3 22. f4 Raxc3 23. Rxc3 Rxc3 24. Kf2 Bd5 {1/2-1/2 Ree,H-De Wit,J/
Amsterdam OHRA 1984}) 12... exd5 13. Qxd5 Bf5 (13... Qh4 14. O-O Be6 15. Qb5 a6
16. Qb6 Nd7 17. Qa5 f5 18. Ng3 f4 19. Qb4 g5 20. exf4 Rf6 21. Nh5 Rh6 22. Qe7
Bf7 23. Qxd7 g4 24. Qxg4 Rxh5 25. Qxh4 Rxh4 26. g3 {1-0 Kelly,B-Salmensuu,O/
WchJM-U16 Szeged 1994 (61)}) 14. Rd1 (14. O-O-O Qb6 $14) (14. Qxd8 Rfxd8 15.
Rd1 Rxd1+ 16. Kxd1 Rd8+ $132) 14... Qh4 (14... Qxd5 15. Rxd5 Rfd8 16. Nd6 Nd3+
$1 17. Bxd3 Be6 18. Rb5 Rxd6 19. Be2 (19. Ke2 $2 Rad8 20. Rd1 Bxc3 21. bxc3
Rxd3 22. Rxd3 Bc4 $19) 19... b6 $14) 15. O-O Rad8 16. Qxb7 Rb8 (16... a5 17.
Nd6 Bc2 18. Rc1 $16) 17. Qxa7 Rxb2 (17... Bxe4 18. g3 Qh3 19. Nxe4 Rxb2 20. Rd2
$16) 18. Ng3 Ng4 (18... Bg4 19. Qa3 $18) 19. Bxg4 Bxg4 (19... Qxg4 20. Nxf5
Qxf5 21. Nd5 $18) 20. Rd4 $1 h5 (20... Bxd4 21. Qxd4 f5 (21... Qg5 22. Nce4 $18
) (21... Rd8 22. Nd5 Rbb8 23. Ne4 $18) 22. f3 f4 23. Qc4+ Kg7 24. Nge2 Bc8 25.
Nxf4 $18) 21. h3 Be5 (21... Bxd4 22. Qxd4 Rd8 23. Nd5 $18) 22. Nd1 $1 (22. hxg4
$2 Bxg3 23. fxg3 Qxg3) 22... Rxf2 (22... Bxd4 23. Qxd4 Rxa2 24. Ne4 $1 $18) (
22... Rc2 23. hxg4 Bxg3 24. fxg3 Qxg3 25. Qb7 hxg4 26. Rd7 $18) 23. Rxf2 (23.
Nxf2 Qxg3 24. Nxg4 hxg4 25. Rxg4 Qh2+ 26. Kf2 Rb8 27. Qd7 $18) 23... Qxg3 (
23... Bxg3 24. Rf3 Be5 25. hxg4 $18) 24. hxg4 hxg4 25. Kf1 Qh4 26. Re4 Bg3 27.
Re8 $1 Qh1+ (27... Rxe8 28. Qxf7+ Kh8 29. Qxe8+ $18) 28. Ke2 Bxf2 29. Rxf8+
Kxf8 30. Qa8+ Kg7 31. Nxf2 Qh5 (31... Qc1 32. Nxg4 Qc2+ 33. Kf3 Qd1+ 34. Kg3
$18) 32. Nd3 Qb5 33. Qe4 Qb1 34. Qd4+ Kg8 35. Qc4 g3 36. Kf3 Qf1+ (36... Qg1
37. a4 $18) 37. Kxg3 Qe2 38. Ne5 Qxe3+ 39. Nf3 g5 40. Qc8+ (40. Qc8+ Kg7 41.
Qf5 f6 42. a4 $18) 1-0

[Event "NED-ch54"]
[Site "Rotterdam "]
[Date "1999.06.10"]
[Round "11"]
[White "Peng, Zhaoqin"]
[Black "Nijboer, Friso"]
[Result "1-0"]
[WhiteElo "2452"]
[BlackElo "2515"]
[Annotator "Ftacnik,L"]
[PlyCount "99"]
[EventDate "1999.05.29"]
[EventType "tourn"]
[EventRounds "11"]
[EventCountry "NED"]
[EventCategory "12"]
[SourceTitle "CBM 072"]
[Source "ChessBase"]
[SourceDate "1999.10.01"]
[SourceVersion "1"]
[SourceVersionDate "1999.10.01"]
[SourceQuality "1"]

1. d4 Nf6 2. c4 g6 3. Nc3 d5 4. Nf3 Bg7 5. Bg5 Ne4 6. cxd5 Nxg5 7. Nxg5 e6 8.
Qd2 h6 9. Nf3 exd5 10. e3 O-O 11. Be2 a5 12. O-O c6 13. Rab1 Re8 14. Qc2 Nd7 (
14... Bf5 15. Bd3 Bxd3 16. Qxd3 Nd7 $11) 15. Bd3 Bf8 (15... Nb6 $5 16. a3 a4)
16. a3 f5 17. b4 Qf6 18. Qb3 Qd6 (18... Kg7 19. b5 Bd6 $13) 19. e4 $5 fxe4 (
19... axb4 20. e5 (20. axb4 fxe4 21. Nxe4 Qxb4 22. Qxb4 Bxb4 23. Ng3 Ba5 24.
Bxg6 Re7 $13) 20... Qe7 21. axb4 Nb6 $13) 20. Nxe4 Qf4 21. Ng3 axb4 22. axb4
Qf6 $6 {Black has done well in preparation for the kingside counterplay, but
now he begans to stumble.} (22... Kg7 $5 23. Rfe1 Rxe1+ 24. Rxe1 Qd6 25. b5 $11
) 23. h4 Bd6 24. Ne4 Rxe4 $2 (24... Qf4 25. Nxd6 Qxd6 26. Rfe1 Rxe1+ 27. Rxe1
Nf8 28. Ne5 $14) 25. Bxe4 Nf8 26. Rfe1 Kg7 (26... Bg4 27. Ne5 Be6 28. Bc2 $16)
27. Bc2 Bg4 28. Ne5 Qxh4 (28... Bxe5 29. dxe5 Qxh4 30. b5 $18) 29. Qe3 {
The exchange sacrifice was certainly wrong, white has a good control and his
king is safe.} h5 (29... Re8 30. Qf4 $1 Bxe5 31. Rxe5 Ne6 32. Qe3 $16) 30. g3
Qf6 31. Nxg4 hxg4 32. b5 Ra3 (32... Ra2 33. Bb3 Ra3 34. Qe8 Qxd4 35. bxc6 bxc6
36. Re7+ Bxe7 37. Qxe7+ Kg8 38. Qxa3 $18) 33. Rb3 Rxb3 34. Bxb3 Nh7 35. bxc6
bxc6 36. Bd1 (36. Rc1 Ba3 37. Rb1 Ng5 38. Bd1 Qf5 39. Rb7+ Kh6 40. Qxa3 Nh3+
41. Kh1 $18) 36... Qf5 37. Qe6 Bb4 38. Bxg4 $1 {Small tactics helps to bring
the point home in the most efficient way.} Qf6 39. Rc1 Qxd4 40. Rxc6 Nf6 41.
Bf3 Ba3 42. Kg2 Bb4 43. Rc7+ Kh6 44. Rc1 Kg7 45. Rd1 Qb2 46. Qb6 g5 47. Bxd5
Qc2 48. Qb7+ Kg6 49. Qf7+ Kf5 50. g4+ 1-0

[Event "Vidmar Memorial 13th"]
[Site "Portoroz"]
[Date "1999.06.22"]
[Round "9"]
[White "Kozul, Zdenko"]
[Black "Zvjaginsev, Vadim"]
[Result "0-1"]
[WhiteElo "2585"]
[BlackElo "2658"]
[Annotator "Ftacnik,L"]
[PlyCount "56"]
[EventDate "1999.06.??"]
[EventType "tourn"]
[EventRounds "10"]
[EventCountry "SLO"]
[EventCategory "14"]
[SourceTitle "CBM 072"]
[Source "ChessBase"]
[SourceDate "1999.10.01"]
[SourceVersion "1"]
[SourceVersionDate "1999.10.01"]
[SourceQuality "1"]

1. d4 {McShane} Nf6 2. Nf3 g6 3. c4 Bg7 4. Nc3 d5 5. Bg5 dxc4 6. e3 Be6 {
McShane: 'Inconvenient, but White must also inconvenience himself over the
pawn.'} 7. Nd2 c5 {McShane: 'Striking while the kngiht no longer supports d4.'}
8. Bxf6 {'!?' McShane. McShane: 'Ambitiously playing for advantage'} (8. dxc5
Nd5 $1 9. Bxc4 (9. Nde4 Qa5 10. Qa4+ Qxa4 11. Nxa4 h6 12. Bh4 Nb4 13. Kd2 N8c6
14. a3 Rd8+ 15. Nd6+ {1/2-1/2 Hoi,C-Brinck Claussen,B/Esbjerg/1978/ (15)}) (9.
Qa4+ Qd7 (9... Nc6 10. Rc1 O-O (10... Nxc3 11. bxc3 Qd5 12. Bf4 Qxc5 13. Bxc4
Bxc4 14. Qxc4 Qxc4 15. Nxc4 Rc8 16. Ke2 Nd8 17. Nd2 Ne6 18. Bg3 O-O 19. Rhd1
Bxc3 20. Ne4 Bb4 {0-1 Schleifer,M-Hergott,D/Toronto/1996/ (39)}) 11. Bxc4 Nxc3
12. bxc3 Bxc4 13. Nxc4 Qd5 {0-1 Kecskes,G-Fogarasi,T/Kobanya op/1992/ (13)})
10. Qa3 Nxc3 11. bxc3 Nc6 12. Rd1 Rd8 {1/2-1/2 Bjerke,R-Orseth,D/Lillehammer/
1982/ (12)}) 9... Nxc3 10. bxc3 Bxc4 11. Qa4+ Nc6 12. Qxc4 O-O 13. Nb3 (13. Nf3
Na5 14. Qb4 Qd3 15. Nd4 Nc6 16. Qb3 Rfd8 17. Rd1 Qa6 18. a4 h6 19. Bh4 g5 20.
Bg3 Rac8 {1/2-1/2 Minzer,C-Ricardi,P/Buenos Aires/1993/ (69)}) 13... Ne5 14.
Qe2 Nd3+ 15. Kf1 Ne5 16. e4 Nc6 17. Rc1 Qd7 18. h4 Qe6 19. h5 a5 20. Rh3 a4 21.
Nd4 $1 Qe5 22. Qg4 Qxc5 23. Qh4 {1-0 Petrosian,T-Savon,V/URS/1969/ (37)}) 8...
Bxf6 9. Nde4 cxd4 10. Nxf6+ exf6 11. exd4 Bd5 $5 {[%mdl 4] '!' McShane. A
daring idea of blocking white d pawn. Black is pawn up and d4 is a nice target.
In many lines even the loss of c4 pawn will not equalize the game for white.
McShane: 'Preventing d5 and Be2'} 12. Qa4+ (12. Qe2+ Kf8 13. Nxd5 Qxd5 14. Qxc4
Qe4+ 15. Kd1 Kg7 $17) 12... Nc6 13. Qb5 {McShane: 'This looks very strong - on
Be6 White wins with d5. But Black also has some tricks.'} (13. O-O-O Kf8 14.
Nxd5 (14. Qa3+ Kg7 15. Qc5 Ne7 $15) 14... Qxd5 15. Bxc4 Qg5+ 16. Kb1 Qxg2 $15)
13... Qe7+ 14. Kd2 (14. Be2 Bxg2 15. Rg1 Bf3 $17 (15... Bf3 {McShane} 16. d5 a6
)) (14. Ne2 Qb4+ 15. Nc3 Qxb5 16. Nxb5 Rd8 $17) 14... O-O-O $1 {'!!' McShane.
McShane: 'Forced, and good.'} 15. Nxd5 Rxd5 {'!' McShane.} 16. Qxd5 Rd8 {
White pieces are undeveloped and his kind floats in the center. The positional
factors behind black's sacrifice are perfect for Zvjaginsev.} 17. Qxc4 {
'[]' McShane. McShane: 'Otherwise White will soon be in big trouble, e.g'} (17.
Qb5 a6 18. Qa4 (18. Qb6 Rxd4+ 19. Bd3 Rxd3+ 20. Kc1 Qe2 $19) 18... Rxd4+ 19.
Kc3 Qe5 20. Kc2 Qe4+ $19 (20... Qe4+ {McShane} 21. Kc3 Rd3+)) (17. Qf3 Nxd4 18.
Qh3+ Nf5+ 19. Kc3 Qe5+ 20. Kxc4 Qxb2 $19) 17... Rxd4+ 18. Qxd4 Nxd4 {McShane:
'Zvjaginsev combines threats to the king with taking White's pawns to mop up
very quickly.'} 19. Rc1+ (19. Bd3 Qb4+ 20. Kc1 Qa5 $17) 19... Kb8 20. Rc4 Qe4
21. h4 (21. Kc3 Nb5+ 22. Kb4 Qe5 23. Rc2 a5+ $19) 21... b5 22. Rc3 Qb1 {
White loses without resistsance beacause his pieces never really got into play.
} 23. Ke3 (23. b3 Qxa2+ 24. Kd3 Qxf2 $19) 23... Qxb2 {'!' McShane.} 24. Rd3 (
24. Kxd4 {McShane} b4) 24... Nc2+ 25. Kf4 Ne1 (25... Qe5+ 26. Kg4 h5+ 27. Kh3
Qe6+ 28. Kg3 Qxa2 $19) 26. Rd8+ Kc7 27. Re8 Qxf2+ 28. Kg4 Nxg2 {McShane: 'h5+
or f5 + and then Nf4 is pretty unstoppable.'} 0-1